00740cam a22002413a 45000010005000000030006000050050017000110080041000280400015000690420007000840500007000911000037000982450077001352600029002125060030002415160020002716530027002916530056003186530042003746530013004168300028004298560041004571517PGUSA20140828083002.0981101s1998||||xxu|||||s|||||000 | eng d aPGUSAbeng adc 4aPR1 aShakespeare, William,d1564-161614aThe Merry Wives of Windsorh[electronic resource] /cWilliam Shakespeare bProject Gutenberg,c1998 aPublic domain in the USA. aElectronic text aMarried women -- Drama aFalstaff, John, Sir (Fictitious character) -- Drama aWindsor (Berkshire, England) -- Drama aComedies 0aProject Gutenbergv151740uhttp://www.gutenberg.org/ebooks/1517